|
|
|
|
| LEADER |
00897nam a2200217 a 4500 |
| 001 |
14335876 |
| 008 |
100204s2005 bg af 000 0deng d |
| 010 |
|
|
|a \\2006345917
|
| 020 |
|
|
|a 9840801988
|
| 040 |
|
|
|a DLC
|c DLC
|d BD-DhAAL
|
| 082 |
0 |
0 |
|a 954.9/205
|2 22
|
| 100 |
1 |
|
|a Masud, Chowdhury A. T. M.,
|d 1924-
|
| 245 |
1 |
0 |
|a Reminiscence of few decades and problems of democracy in Bangladesh /
|c Chowdhury A.T.M. Masud.
|
| 260 |
|
|
|a Dhaka :
|b Academic Press and Publishers Library,
|c 2005.
|
| 300 |
|
|
|a xviii, 158 p., [24] p. of plates :
|b ill. (some col.) ;
|c 23 cm.
|
| 541 |
1 |
|
|e 00013935
|
| 651 |
|
0 |
|a Bangladesh
|x Politics and government.
|
| 650 |
|
0 |
|a Elections
|z Bangladesh
|x History.
|
| 852 |
4 |
|
|a Ayesha Abed Library
|j General Shelf
|
| 999 |
|
|
|c 7345
|d 7345
|
| 952 |
|
|
|0 0
|1 0
|2 ddc
|4 0
|6 954_920500000000000_MAS_2005
|7 0
|9 7820
|a BRACUL
|b BRACUL
|c GEN
|d 2010-02-04
|l 0
|o 954.9205 MAS
|p 3010013935
|r 2010-02-04
|t 1
|w 2010-02-04
|y BK
|